Hello, Goodbye - The Beatles full Lyrics - Statistics

General Stats
  • This quiz has been taken 38 times
  • The average score is 228 of 241
Answer Stats
Answer % Correct
and
100%
And
100%
do
100%
don't
100%
"Go,
100%
go
100%
go"
100%
go,
100%
go).
100%
"Goodbye",
100%
goodbye,
100%
goodbye)
100%
goodbye).
100%
"Goodbye
100%
Hela,
100%
"Hello,
100%
hello,
100%
hello",
100%
"Hello".
100%
(Hello,
100%
hello
100%
hello"
100%
(Hello
100%
"Hello"
100%
Hello".
100%
hello-a. x9
100%
I
100%
"I
100%
(I
100%
know
100%
know",
100%
say,
100%
say
100%
why
100%
"Why"?
100%
Why,
100%
why,
100%
You
100%
you
100%
"No",
97%
no!
97%
"No"
97%
"No"),
97%
"Yes",
97%
"Yes"
97%
"Yes"),
97%
Oh,
94%
oh,
94%
oh-oh,
94%
"Stop",
78%
"Stop"
78%
"High",
53%
"Low",
53%
heba
47%
(But
28%
bye,
28%
bye"?
28%
can
28%
to
25%
it's
22%
stay),
22%
time
19%
(Till
13%
may
9%
mean,
9%
No matching quizzes found
Score Distribution
Percent of People with Each Score
Percentile by Number Answered
Your Score History
You have not taken this quiz